La experiencia de la ciencia : semblanzas de algunos descubridores /

I tiakina i:
Ngā taipitopito rārangi puna kōrero
Kaituhi matua: Bernstein, Jeremy (autor)
Hōputu: Pukapuka
Reo:Pāniora
I whakaputaina: México : CONACYT : Fondo de Cultura Económica, 1982, c1982
Rangatū:(Breviarios ; 321)
Ngā marau:
Ngā Tūtohu: Tāpirihia he Tūtohu
Kāore He Tūtohu, Me noho koe te mea tuatahi ki te tūtohu i tēnei pūkete!

MARC

LEADER 00000nam^a2200000^a^4500
001 000373251
005 20250521000000.0
009 20260310120038.377
020 |a 968-16-1099-7 
025 |a Donación Juan Diego Castillo, 1 ejemplar 
037 |a Acervo ITESO - Biblioteca 
041 |a ESP 
082 |a 082.  |b BRE V. 321 
100 |a Bernstein, Jeremy  |e (autor) 
245 1 3 |a La experiencia de la ciencia :  |b semblanzas de algunos descubridores /  |c J. Bernstein ; tr. por José Ramón Pérez Lías. 
264 4 |a México :  |b CONACYT :  |b Fondo de Cultura Económica,  |c 1982, c1982 
300 |a 357 p. 
336 |a texto  |b txt  |2 rdacontenido 
337 |a sin mediación  |b n  |2 rdamedio 
338 |a volumen  |b nc  |2 rdasoporte 
440 1 |a (Breviarios ;  |v 321) 
500 |a Traducción de: Experience Science. Profiles in Discovery 
649 |a XX 
650 |a Científicos 
650 |a Ciencia -  |x Generalidades -  |x Tema Principal 
650 |a Física 
650 |a Sociobiología 
650 |a Matemáticas 
650 |a Rabi, Isidor Isaac 
650 |a Clarke, Arthur C. 
650 |a Thomas, Lewis 
650 |a Kepler, Johannes 
910 |a Fondo Castillo-Martínez 
920 |a Impresos - Libros 
930 |a Fondos Especiales 
905 |a 127 
901 |a 0500267456  |b IT2  |c ESP  |i FXC D  |u 20250521 
902 |a https://opac.biblio.iteso.mx/vufind/Record/000373251